| 000 | 00584nam a2200229Ia 4500 | ||
|---|---|---|---|
| 003 | OSt | ||
| 005 | 20230518162626.0 | ||
| 008 | 210423s2013 xx 000 0 und d | ||
| 020 | _a978-81-7381-876-9 | ||
| 040 | _cAL | ||
| 041 | _aeng | ||
| 082 |
_a576 CHAT _223 |
||
| 100 |
_aCHAKRABORTY (P). _9108999 |
||
| 245 | _aTextbook of microbiology. | ||
| 260 |
_aNew Delhi _bNew Central Book Agency _c2013 |
||
| 300 |
_axiv,782 _bPB |
||
| 365 |
_b785 _cINR |
||
| 650 |
_aBiology _9109000 |
||
| 650 |
_aMicrobiology _9109001 |
||
| 906 | _amicrobiology. ; Textbook | ||
| 942 |
_2ddc _cBK |
||
| 999 |
_c165182 _d165182 |
||